Biopiratería (Registro nro. 6785)

Detalles MARC
000 -CABECERA
Campo de control 00841nam a2200265 a 4500
005 - FECHA Y HORA DE LA ULTIMA TRANSACCION
Campo de control 20160118052244.0
008 - ELEMENTOS DE LONGITUD FIJA—INFORMACION GENERAL
Campo de control 160118b2008 xxua gr|||| 00| 0 spa d
020 ## - ISBN
ISBN 9789589887608
040 ## - FUENTE DE CATALOGACIÓN
Agencia catalogadora original CO-BoIAVH
Agencia transcriptora CO-BoIAVH
041 ## - IDIOMA
Código de idioma para texto/pista de sonido o título separado Español
082 #4 - NUMERO DE CLASIFICACION DECIMAL DEWEY
Número de clasificación 333.952
Número del ítem A47b
090 ## - CLASIFICACIÓN LOCAL
Colección LB
Consecutivo 05430
100 1# - ASIENTO PRINCIPAL--NOMBRE PERSONAL
Nombre personal Alvarez, Paila
245 1# - MENCION DE TITULO
Título Biopiratería
Parte restante del título una amenaza a los territorios colectivos de Colombia. Estrategias y acciones desde la sociedad para enfrentarla
260 ## - PUBLICACION, DISTRIBUCION, ETC. (PIE DE IMPRENTA)
Lugar de publicación, distribución, etc. Bogotá
Nombre del editor, distribuidor, etc. Semillas
Fecha de publicación, distribución, etc. 2008
300 ## - DESCRIPCION FISICA
Extensión 72 paginas.
Otros detalles físicos ilustraciones;
Dimensiones 24 x 21 cm.
650 #6 - ASIENTO SECUNDARIO DE MATERIA - TERMINO TEMATICO
Término temático o nombre geográfico como elemento de entrada Patentes
650 #6 - ASIENTO SECUNDARIO DE MATERIA - TERMINO TEMATICO
Término temático o nombre geográfico como elemento de entrada Propiedad industrial
650 #6 - ASIENTO SECUNDARIO DE MATERIA - TERMINO TEMATICO
Término temático o nombre geográfico como elemento de entrada Bioprospección.
650 #6 - ASIENTO SECUNDARIO DE MATERIA - TERMINO TEMATICO
Término temático o nombre geográfico como elemento de entrada Biodiversidad
700 1# - ASIENTO SECUNDARIO - NOMBRE PERSONAL
Nombre personal Forero, Lina
700 1# - ASIENTO SECUNDARIO - NOMBRE PERSONAL
Nombre personal Vélez, Germám
942 ## - ELEMENTOS ADICIONALES (KOHA)
Tipo de ítem Libro
Sistema de clasificación Dewey Decimal Classification
945 ## - PROCESAMIENTO LOCAL
AAAA-MM-DD - Fecha de ingreso o modificacion 2009-05-04
Existencias
Withdrawn status Lost status Sistema de Clasificación Damaged status No para préstamo Colección Inventariado Ubicación Permanente Ubicación actual Fecha de adquisición Fuente de Valor Valor Total Checkouts Número topográfico Inventario / Código de Barras Date last seen Ejemplar Price effective from Forma de adquisición Tipo de material
    Dewey Decimal Classification     General Inventariado 2017 Bogotá Bogotá 04/05/2009 Instituto 39000.00   LB-333.952 A47b 026966 04/12/2012 Ej.1 04/12/2012   Libro